The Art of Pleasure

Salvato in:
Dettagli Bibliografici
Autore principale: Tom of Finland
Natura: Libro
Lingua:lingua imprecisata
Pubblicazione: Koeln Taschen 1998
Tags: Aggiungi Tag
Nessun Tag, puoi essere il primo ad aggiungerne!!

MARC

LEADER 00000nam a2200000Ia 4500
001 187
003 NUMERAZIONE-ORIGINALE-BRESCIA
005 20260206230749.0
008 260206s9999 xx 000 0 und d
100 |a Tom of Finland 
245 4 |a The Art of Pleasure 
260 |a Koeln 
260 |b Taschen 
260 |c 1998 
942 |2 ddc  |c BK  |n 0 
952 |0 0  |1 0  |2 ddc  |4 0  |6 16  |7 0  |9 28385  |a BS  |b BS  |d 2026-02-06  |i 187  |l 0  |o 1-6-*  |r 2026-02-06 22:40:34  |w 2026-02-06  |x [REVISIONARE]  |y BK 
999 |c 24068  |d 24068